Čo občan naozaj potrebuje

Združenie organizácií verejnoprospešných záujmov SR združuje 84 organizácií z oblasti starostlivosti o miestne komunikácie, verejné osvetlenie, nakladanie s komunálnym odpadom, pohrebné a cintorínske služby. Zaoberá sa vysvetľovaním a aplikáciou všeobecne záväzných právnych a iných predpisov. Skladá...

ver descrição completa

Na minha lista:
Detalhes bibliográficos
Autor principal: Chlebana, V.
Formato: Capítulo de Livro
Idioma:eslovaco
Assuntos:
Tags: Adicionar Tag
Sem tags, seja o primeiro a adicionar uma tag!

MARC

LEADER 00000naa a2200000 4500
001 r020148
005 20230801103439.4
041 0 |a slo 
044 |a SK 
245 1 0 |a Čo občan naozaj potrebuje  |c V. Chlebana 
520 |a Združenie organizácií verejnoprospešných záujmov SR združuje 84 organizácií z oblasti starostlivosti o miestne komunikácie, verejné osvetlenie, nakladanie s komunálnym odpadom, pohrebné a cintorínske služby. Zaoberá sa vysvetľovaním a aplikáciou všeobecne záväzných právnych a iných predpisov. Skladá sa z troch regionálnych združení. 
610 2 0 |a Slovensko 
610 2 0 |a 1990-1996 
610 2 0 |a práce verejnoprospešné 
610 2 0 |a prostredie životné 
610 2 0 |a predpisy 
100 1 |a Chlebana, V.